Statistiques concernant Pays membres du G7

Cliquez ici pour prendre le quiz!

Statistiques générales

  • Ce quiz a été pris 129 fois
  • Le résultat moyen est 7 sur 7

Statistiques - réponses

Pays membres% Correct
Etats-Unis
100%
France
100%
Allemagne
97%
Royaume-Uni
97%
Canada
94%
Japon
94%
Italie
93%

Distribution des résultats

Percentile par nombre de réponses

% des personnes avec chaque résultat

Votre développement - résultats

Vous n’avez pas pris ce quiz